000 00426nam a2200157 4500
001 46055
090 _a46055
100 _a20260427 pory50
101 _apor
102 _aPT
200 _aTécnicas primitivas de Olaria
_ecom referência especial à Africana
_fFernando Galhano
210 _a[Não identificado]
_c[Não identificado]
_d[Não identificado]
215 _a1 v.
675 _a738
801 _aPT
_gRPC
990 _cLIVROS